000
00338nam a2200145Ia 4500
008
191201s2007 xx 000 0 und d
082
_a
658.80285
_b
KAF
100
_a
KALAKOTA, Ravi
245
0
_a
Frontiers of Electronic Commerce
250
_a
IMP
260
_a
N.Delhi
_b
Pearson
_c
2007
300
_a
864
650
_a
MBA
942
_2
ddc
_c
BK
999
_c
465
_d
465